Automatización de los procesos contables y sus efectos en las empresas / (Registro nro. 3385)
[ vista simple ]
| 000 -LEADER | |
|---|---|
| fixed length control field | 03172nam a2200277 i 4500 |
| 005 - DATE AND TIME OF LATEST TRANSACTION | |
| control field | 20250329165423.0 |
| 007 - PHYSICAL DESCRIPTION FIXED FIELD--GENERAL INFORMATION | |
| fixed length control field | ta |
| 008 - FIXED-LENGTH DATA ELEMENTS--GENERAL INFORMATION | |
| fixed length control field | 200622s2024 000 0 eng d |
| 040 ## - CATALOGING SOURCE | |
| Original cataloging agency | CO-CtgCURN |
| Language of cataloging | spa |
| Transcribing agency | coctgcurn |
| Description conventions | rda |
| 082 0# - DEWEY DECIMAL CLASSIFICATION NUMBER | |
| Classification number | COP 2024 |
| Item number | A174 |
| 100 1# - MAIN ENTRY--PERSONAL NAME | |
| Personal name | Acevedo Arellano, Sofía Valentina , |
| Relator term | author. |
| Relationship | aut |
| 245 10 - TITLE STATEMENT | |
| Title | Automatización de los procesos contables y sus efectos en las empresas / |
| Statement of responsibility, etc. | Sofía Valentina Acevedo Arellano; María Camila Orozco Cabeza; asesor: Jhorquis Machado Licona. |
| 260 ## - PUBLICATION, DISTRIBUTION, ETC. | |
| Place of publication, distribution, etc. | Cartagena de Indias : |
| Name of publisher, distributor, etc. | Corporación Universitaria Rafael Núñez, |
| Date of publication, distribution, etc. | 2024. |
| 300 ## - PHYSICAL DESCRIPTION | |
| Extent | 18 hojas. |
| 336 ## - CONTENT TYPE | |
| Content type term | text |
| Content type code | txt |
| Source | rdacontent |
| 337 ## - MEDIA TYPE | |
| Media type term | unmediated |
| Media type code | n |
| Source | rdamedia |
| 338 ## - CARRIER TYPE | |
| Carrier type term | volume |
| Carrier type code | nc |
| Source | rdacarrier |
| 502 ## - DISSERTATION NOTE | |
| Dissertation note | Trabajo de grado (Contador público). Corporación Universitaria Rafael Núñez. Facultad de Ciencias Administrativas y Contables. Programa de Contaduría Pública, 2024. |
| 520 8# - SUMMARY, ETC. | |
| Summary, etc. | "En el mundo empresarial actual, la mejora de la eficacia operativa y el aumento de la competitividad en el mercado son las principales prioridades de las empresas. En este contexto, la integración de los sistemas contables desempeña un papel crucial en la búsqueda de la eficacia y la automatización de los procesos empresariales. Una pregunta central es: qué impacto tiene la integración de los sistemas contables en la optimización de los procesos empresariales? Esta pregunta se centra en los beneficios potenciales de la introducción de un sistema contable, pero también pone de relieve los retos y obstáculos a los que se enfrentan las empresas a la hora de adoptar esta tecnología. He aquí algunos aspectos a tener en cuenta al planteamiento de esta problemática: Complejidad de los procesos contables tradicionales: Las empresas se enfrentan a menudo a procesos contables manuales que requieren mucho tiempo y recursos. La falta de automatización puede provocar errores en los informes financieros, retrasos y una capacidad limitada para satisfacer las necesidades de la empresa.En un entorno empresarial cada vez más competitivo, las empresas buscan mejorar la eficiencia y la precisión de sus operaciones contables. La integración de sistemas contables puede proporcionar herramientas y funciones que agilicen la recopilación, el procesamiento y el análisis de datos para gestionar la información financiera con mayor eficacia.Aunque la automatización de los procesos contables tiene muchas ventajas, también conlleva costes, como inversiones iniciales en software y tecnología, así como costes de formación del personal. Estos costes pueden plantear problemas financieros a algunas empresas, sobre todo a las que disponen de recursos limitados." |
| 650 #0 - SUBJECT ADDED ENTRY--TOPICAL TERM | |
| Topical term or geographic name entry element | Contaduría pública |
| General subdivision | Tesis y disertaciones académicas. |
| 700 1# - ADDED ENTRY--PERSONAL NAME | |
| Personal name | Orozco Cabeza, María Camila . |
| 700 1# - ADDED ENTRY--PERSONAL NAME | |
| Personal name | Machado Licona, Jhorquis, |
| Relator term | asesor. |
| 856 7# - ELECTRONIC LOCATION AND ACCESS | |
| Uniform Resource Identifier | <a href="https://unicurn.sharepoint.com/:b:/s/biblioteca/EV5i845U8khFjf5AVmkg2S4BNWqN8fPxtQnVpuCYEP-pwg?e=NUbYz0">https://unicurn.sharepoint.com/:b:/s/biblioteca/EV5i845U8khFjf5AVmkg2S4BNWqN8fPxtQnVpuCYEP-pwg?e=NUbYz0</a> |
| Public note | Click para ver el recurso en texto completo |
| 942 ## - ADDED ENTRY ELEMENTS (KOHA) | |
| Source of classification or shelving scheme | Dewey Decimal Classification |
| Institution code [OBSOLETE] | MHC |
| -- | MHC |
| Koha item type | Trabajos de grado |
| Classification part | COP 2024 |
| Item part | A174 |
| Withdrawn status | Lost status | Source of classification or shelving scheme | Damaged status | Not for loan | Collection | Home library | Current library | Shelving location | Date acquired | Total checkouts | Full call number | Barcode | Date last seen | Price effective from | Koha item type |
|---|---|---|---|---|---|---|---|---|---|---|---|---|---|---|---|
| Dewey Decimal Classification | Trabajos de grado | Miguel Henríquez Castañeda | Miguel Henríquez Castañeda | Trabajo de grado | 03/29/2025 | COP 2024 A174 | 025374 | 03/29/2025 | 03/29/2025 | Trabajos de grado |